Strawberry Shortcake and the Winter That Would Be Not End / (Record no. 4405)
[ view plain ]
| 000 -LEADER | |
|---|---|
| fixed length control field | 01032nam a22002777a 4500 |
| 001 - CONTROL NUMBER | |
| control field | 4405 |
| 003 - CONTROL NUMBER IDENTIFIER | |
| control field | FISKH |
| 005 - DATE AND TIME OF LATEST TRANSACTION | |
| control field | 20240820145834.0 |
| 008 - FIXED-LENGTH DATA ELEMENTS--GENERAL INFORMATION | |
| fixed length control field | 240820b cb ||||| |||| 00| 0 eng d |
| 020 ## - INTERNATIONAL STANDARD BOOK NUMBER | |
| International Standard Book Number | 0594848233 |
| 040 ## - CATALOGING SOURCE | |
| Original cataloging agency | FISKH |
| Language of cataloging | eng |
| Transcribing agency | FISKH |
| Modifying agency | FISKH |
| 050 ## - LIBRARY OF CONGRESS CALL NUMBER | |
| Classification number | PZ7.W15938 |
| 100 ## - MAIN ENTRY--PERSONAL NAME | |
| Personal name | Wallner, Alexandra |
| Relator term | author |
| 245 ## - TITLE STATEMENT | |
| Title | Strawberry Shortcake and the Winter That Would Be Not End / |
| Statement of responsibility, etc. | by Alexandra Wallner : illustrated by Mecedes Llimona |
| 260 ## - PUBLICATION, DISTRIBUTION, ETC. | |
| Place of publication, distribution, etc. | New York : |
| Name of publisher, distributor, etc. | Random House ; |
| Date of publication, distribution, etc. | 1982. |
| 300 ## - PHYSICAL DESCRIPTION | |
| Extent | 41 unnumbered pages : |
| Other physical details | color illustrations ; |
| Dimensions | 29 cm . |
| 490 ## - SERIES STATEMENT | |
| Series statement | Strawberry Shortcake |
| 505 ## - FORMATTED CONTENTS NOTE | |
| Formatted contents note | K <br/> |
| 520 ## - SUMMARY, ETC. | |
| Summary, etc. | In their search for a stolen magic snow crystal on which the coming of spring depends, the kids and animals of Strawberryland come in contact with a lonely old badger. |
| 521 8# - TARGET AUDIENCE NOTE | |
| Target audience note | 510 <br/> |
| Source | Lexile estimate <br/> |
| 521 8# - TARGET AUDIENCE NOTE | |
| Target audience note | K <br/> |
| Source | Raz-Plus <br/> |
| 600 ## - SUBJECT ADDED ENTRY--PERSONAL NAME | |
| Source of heading or term | Strawberry Shortcake |
| Form subdivision | fiction |
| 700 ## - ADDED ENTRY--PERSONAL NAME | |
| Personal name | Llimona, Mercedes |
| Relator term | illustrator |
| 942 ## - ADDED ENTRY ELEMENTS (KOHA) | |
| Source of classification or shelving scheme | Dewey Decimal Classification |
| Koha item type | Books |
| Suppress in OPAC | No |
| Withdrawn status | Lost status | Source of classification or shelving scheme | Damaged status | Not for loan | Collection | Home library | Current library | Shelving location | Date acquired | Total Checkouts | Full call number | Barcode | Date last seen | Price effective from | Koha item type |
|---|---|---|---|---|---|---|---|---|---|---|---|---|---|---|---|
| Dewey Decimal Classification | Juvenile Fiction | Footprints International School Library Network Toul Kork Campus | Footprints International School Library Network Toul Kork Campus | 08/20/2024 | WAL PZ7.W15938 | FISBK00489 | 08/20/2024 | 08/20/2024 | Books |
